[Event "Titled Tue 16th Jul Early"]
[Site "chess.com INT"]
[Date "2024.07.16"]
[Round "8"]
[White "Nakamura,Hi"]
[Black "Ivic,Velimir"]
[Result "1-0"]
[WhiteElo "2802"]
[BlackElo "2592"]

1.Nf3 Nf6 2.e3 g6 3.b3 Bg7 4.d4 O-O 5.Bb2 d6 6.Be2 b6 7.O-O Bb7 8.c4 Nbd7
9.Qc2 Re8 10.Rd1 e6 11.Nc3 Qe7 12.e4 e5 13.dxe5 dxe5 14.Nd5 Qd8 15.Nxf6+ Bxf6
16.c5 bxc5 17.Bb5 c6 18.Be2 Qc7 19.Bc1 a5 20.a4 Be7 21.Be3 Nf8 22.Bc4 Bc8
23.Rd3 Ne6 24.Bxe6 Bxe6 25.Bxc5 Rab8 26.Bxe7 Rxe7 27.Rc3 Qb7 28.Rb1 f6 29.Ne1 c5
30.Rxc5 Rc8 31.Nd3 Rec7 32.Rc1 Rxc5 33.Nxc5 Qb6 34.h3 Kh8 35.Qc3 Bf7 36.Qe3 Qb4
37.Kh2 Qd4 38.Qxd4 exd4 39.f3 Rb8 40.Rb1 Rc8 41.Rc1 Rb8 42.Rd1 Rb4 43.Rb1 d3
44.Nxd3 Rxb3 45.Rxb3 Bxb3 46.Nc5 Bc2 47.Kg3 Kg7 48.Kf4 Kf7 49.Ke3 Ke7 50.Kd2 Bb1
51.Nb7 f5 52.e5 Ke6 53.Nxa5 Kxe5 54.Nc4+ Kd4 55.a5 Ba2 56.Nb6 Kc5 57.Nd7+ Kb5
58.Nf6 Kxa5 59.Nxh7 Kb4 60.Ke3 Kc5 61.Kf4 Bc4 62.Nf8 Bf1 63.Kg3 g5 64.Ne6+ Kd6
65.Nxg5 Ke5 66.f4+ Kf6 67.Kf2 Bc4 68.g3 Bb5 69.Ke3 Bf1 70.Kd4 Bg2 71.Kc5 Ke7
72.Kc4 Bf1+ 73.Kc3 Bg2 74.Kd3 Kf6 75.Ke2 Ke7 76.Kf2 Bc6 77.Nf3 Be4 78.Nd2 Bd5
79.Nf1 Kf6 80.g4 fxg4 81.hxg4 Be6 82.Ne3 Bc8 83.Kg3  1-0

[Event "Titled Tue 16th Jul Early"]
[Site "chess.com INT"]
[Date "2024.07.16"]
[Round "9"]
[White "Sindarov,Javokhir"]
[Black "Nakamura,Hi"]
[Result "1/2-1/2"]
[WhiteElo "2674"]
[BlackElo "2802"]

1.e4 d5 2.exd5 Qxd5 3.Nc3 Qa5 4.d4 c6 5.Nf3 Bf5 6.Bd3 Bxd3 7.Qxd3 Qa6 8.Qe2 Nf6
9.Bg5 e6 10.Ne5 Qxe2+ 11.Kxe2 Bb4 12.Bxf6 gxf6 13.Nd3 Be7 14.g4 Na6 15.Ne4 O-O-O
16.c3 Nc7 17.Rad1 h5 18.h3 Rdg8 19.Kf3 Rh7 20.Rdg1 Rhg7 21.Rg3 h4 22.Rgg1 f5
23.Nd2 Nd5 24.Nc4 Nf6 25.Ne3 fxg4+ 26.Nxg4 Nh5 27.Rg2 Bd6 28.Rhg1 Kd8 29.Ne3 Rxg2
30.Rxg2 Rh8 31.Nc4 Be7 32.Nf4 Nxf4 33.Kxf4 Ke8 34.Ke4 b6 35.f4 c5 36.d5 exd5+
37.Kxd5 Kf8 38.Ne5 Rh6 39.Ke4 Re6 40.Kf5 Rd6 41.Re2 Rd1 42.Re3 Rd2 43.b3 Rxa2
44.Nd7+ Ke8 45.Ne5 Kf8 46.Nd7+ Ke8 47.Ne5 Rd2 48.Nc6 Rd7 49.Ne5 Rc7 50.c4 Kf8
51.Rd3 Ke8 52.Rd1 a6 53.Rg1 Kf8 54.Ra1 Ra7 55.Nc6 Ra8 56.Rd1 Rc8 57.Ne5 b5
58.Ra1 bxc4 59.bxc4 Ra8 60.Nd7+ Ke8 61.Nb6 Ra7 62.Nc8 Ra8 63.Nb6 Ra7 64.Nc8 Ra8
65.Nb6  1/2-1/2

[Event "Titled Tue 16th Jul Late"]
[Site "chess.com INT"]
[Date "2024.07.16"]
[Round "9"]
[White "Pakleza,Z"]
[Black "Nakamura,Hi"]
[Result "0-1"]
[WhiteElo "2489"]
[BlackElo "2802"]

1.d4 c5 2.c3 Qc7 3.Nf3 Nf6 4.Bg5 d5 5.Nbd2 e6 6.e3 Bd6 7.Bd3 Nbd7 8.O-O h6
9.Bh4 g5 10.Bg3 g4 11.Ne1 b6 12.e4 Bf4 13.exd5 Nxd5 14.Be4 Bb7 15.Bxd5 Bxd5
16.Qxg4 Bxg3 17.hxg3 O-O-O 18.Nd3 Nf6 19.Qh4 Nd7 20.Rfe1 Qc6 21.Nf4 cxd4
22.c4 Bxg2 23.Nxg2 Nc5 24.Nf4 Rhg8 25.b4 Na4 26.c5 Nc3 27.cxb6 axb6 28.Rac1 Kb7
29.Ne4 Rc8 30.Nxc3 dxc3 31.Re3 c2 32.Re2 Qa4 33.Qh1+ Kb8 34.Qe4 f5 35.Qe5+ Ka7
36.Nxe6 Rge8 37.b5 Rc4 38.Qxf5 Rec8 39.Qh7+ Kb8 40.Qd3 Qb4  0-1

[Event "Titled Tue 16th Jul Early"]
[Site "chess.com INT"]
[Date "2024.07.16"]
[Round "10"]
[White "Nakamura,Hi"]
[Black "Xiong,Jeffery"]
[Result "0-1"]
[WhiteElo "2802"]
[BlackElo "2646"]

1.e4 e6 2.d3 c5 3.Nd2 Nc6 4.g3 d5 5.Bg2 Nge7 6.h4 e5 7.h5 Be6 8.Ngf3 f6 9.Bh3 Bxh3
10.Rxh3 Qd7 11.Rh1 O-O-O 12.Qe2 Kb8 13.c3 Nc8 14.b3 Nb6 15.Bb2 Be7 16.O-O-O g5
17.Rhe1 Ka8 18.Nf1 Qg4 19.N3d2 Qxe2 20.Rxe2 d4 21.Nf3 dxc3 22.Bxc3 Nd4 23.Nxd4 cxd4
24.Bb2 a5 25.Nh2 a4 26.Ng4 Rc8+ 27.Kb1 Ka7 28.Rc1 Rxc1+ 29.Bxc1 Rc8 30.Rc2 axb3
31.axb3 Rxc2 32.Kxc2 Ka6 33.f4 gxf4 34.gxf4 Nd7 35.fxe5 fxe5 36.Bh6 Kb5 37.Bg7 Bd6
38.h6 Kc6 39.Nh2 Be7 40.Kd2 Kd6 41.Ke2 Ke6 42.Ng4 Bf8 43.Bh8 Be7 44.Kf3 Bg5
45.Bg7 Bf4 46.Nf2 b5 47.Nh3 Be3 48.Kg4 Nc5 49.Kf3 Nxd3 50.Bf8 Nc1 51.b4 Na2
52.Ke2 Nc1+ 53.Kf3 Nd3 54.Kg3 Ne1 55.Bc5 Bxh6 56.Nf2 Nc2 57.Nd3 Be3 58.Bf8 Na3
59.Nc5+ Kf7 60.Bd6 Nc4 61.Bc7 Bf4+ 62.Kf3 h5 63.Kg2 Ne3+ 64.Kh3 Ng4 65.Kh4 Nf2
66.Nd7 Ke6 67.Nc5+ Ke7 68.Bb6 d3 69.Nb3 Nxe4  0-1

[Event "Titled Tue 16th Jul Late"]
[Site "chess.com INT"]
[Date "2024.07.16"]
[Round "10"]
[White "Nakamura,Hi"]
[Black "Dominguez Perez,L"]
[Result "1-0"]
[WhiteElo "2802"]
[BlackElo "2748"]

1.e4 c5 2.d4 cxd4 3.c3 Nf6 4.e5 Nd5 5.Qxd4 e6 6.Nf3 Nc6 7.Qe4 f5 8.Qe2 b5
9.g3 a5 10.Bg2 Ba6 11.O-O Bc5 12.Rd1 O-O 13.Ng5 Nce7 14.Qh5 h6 15.Nh3 Qb6
16.Nd2 f4 17.Ne4 Rf5 18.Qg4 h5 19.Qe2 b4 20.c4 fxg3 21.hxg3 Rxe5 22.Qc2 b3
23.axb3 Nb4 24.Qc3 Ng6 25.Nxc5 Qxc5 26.Bxa8 Re2 27.Bf3 Rc2 28.Qd4 Qf5 29.Qe4 Qxh3
30.Qxg6 Rxf2 31.Qe8+ Kh7 32.Qxh5+ Qxh5 33.Bxh5 Rc2 34.Bf3 d5 35.cxd5  1-0

[Event "Titled Tue 16th Jul Late"]
[Site "chess.com INT"]
[Date "2024.07.16"]
[Round "11"]
[White "Tang,Andrew"]
[Black "Nakamura,Hi"]
[Result "0-1"]
[WhiteElo "2502"]
[BlackElo "2802"]

1.d4 c5 2.d5 e5 3.c4 d6 4.Nc3 g6 5.e4 h5 6.h4 Bh6 7.Bxh6 Nxh6 8.Qd2 a6 9.a4 f5
10.g3 Nd7 11.Nf3 Nf6 12.exf5 gxf5 13.Ng5 Qe7 14.a5 Bd7 15.Na4 Bxa4 16.Rxa4 O-O-O
17.b4 cxb4 18.Rxb4 Nd7 19.Ne6 Rdg8 20.Be2 f4 21.gxf4 exf4 22.Qxf4 Ng4 23.Kd2 Rf8
24.Qd4 Nxf2 25.Rhb1 Nc5 26.Rb6 Nfe4+ 27.Kc2 Qf6 28.Qxf6 Rxf6  0-1

[Event "Titled Tue 16th Jul Early"]
[Site "chess.com INT"]
[Date "2024.07.16"]
[Round "11"]
[White "Aravindh,Chithambaram VR."]
[Black "Nakamura,Hi"]
[Result "1-0"]
[WhiteElo "2703"]
[BlackElo "2802"]

1.c4 e5 2.Nc3 Nf6 3.g3 c6 4.Nf3 e4 5.Nd4 Qb6 6.Nc2 d5 7.Bg2 dxc4 8.O-O Na6
9.Rb1 Be6 10.Nxe4 Nxe4 11.Bxe4 Rd8 12.Ne3 Be7 13.b4 cxb3 14.Bf5 Nc5 15.Bxe6 Nxe6
16.Rxb3 Qa6 17.Nf5 Bf8 18.Bb2 Rg8 19.Re3 Qb5 20.Qc2 Rd5 21.Nd4 Qc5 22.Qxh7 Rxd4
23.Bxd4 Qxd4 24.Qxg8 Qd5 25.Qh7 Qxd2 26.Rb1 b5 27.Qf5 Qxa2 28.Rd1 Be7 29.Qe4 Qa6
30.Qg4 Qc8 31.h4 c5 32.h5 c4 33.h6 gxh6 34.Qf5 Qc5 35.Re5 Qc6 36.Rxb5 Bd6
37.Qd5 Qxd5 38.Rbxd5 Bb4 39.Rc1 c3 40.Rd3 Ke7 41.Kg2 a5 42.Rdxc3 Bxc3 43.Rxc3 Nd4
44.Rc5 Kd6 45.Rxa5 Nxe2 46.Ra6+ Ke5 47.Rxh6 Kf5 48.Rh1 Nd4 49.Re1 Kg6 50.Re4 Nb5
51.Ra4 Nc3 52.Ra5 Ne4 53.g4 Nd2 54.f3 Nc4 55.Rc5 Nd2 56.Kg3 f6 57.Kf4 Nb3
58.Rd5 Nc1 59.Ke3  1-0

[Event "CrunchLabs Masters PlayIn"]
[Site "chess.com INT"]
[Date "2024.07.17"]
[Round "1"]
[White "Lie,K"]
[Black "Nakamura,Hi"]
[Result "0-1"]
[WhiteElo "2506"]
[BlackElo "2802"]

1.e4 d5 2.exd5 Qxd5 3.Nc3 Qa5 4.Nf3 c6 5.Be2 Bf5 6.d4 e6 7.Ne5 Nd7 8.Nc4 Qc7
9.O-O Ngf6 10.Bg5 Rd8 11.Qc1 Nb6 12.Nxb6 Qxb6 13.d5 cxd5 14.Bb5+ Ke7 15.a4 a6
16.a5 Qc5 17.Bd3 Bxd3 18.cxd3 Ke8 19.Qf4 Bd6 20.Qh4 Be7 21.Rfc1 Qb4 22.d4 h6
23.Qh3 Qxd4 24.Ra4 Qe5 25.Bf4 Qh5 26.Qd3 Kf8 27.Ne2 e5 28.Ng3 Qg4 29.h3 Qd7
30.Bxe5 Qxa4 31.Nf5 Qe4  0-1

[Event "CrunchLabs Masters PlayIn"]
[Site "chess.com INT"]
[Date "2024.07.17"]
[Round "2"]
[White "Nakamura,Hi"]
[Black "Ponomariov,R"]
[Result "1-0"]
[WhiteElo "2802"]
[BlackElo "2654"]

1.Nf3 d5 2.e3 Nf6 3.c4 e6 4.Nc3 Bd6 5.Qc2 O-O 6.cxd5 exd5 7.Nb5 c5 8.Nxd6 Qxd6
9.b3 Nc6 10.Ba3 b6 11.Bb5 Bd7 12.Bxc6 Qxc6 13.O-O Rfe8 14.d4 Rac8 15.dxc5 bxc5
16.Bb2 Qb6 17.h3 Ne4 18.Rfd1 Be6 19.Rac1 f6 20.Nd2 Nxd2 21.Qxd2 Rc6 22.Rc2 Rec8
23.Rdc1 Qa6 24.Rc3 Qb5 25.Qd1 a5 26.Ba1 h6 27.Qf3 c4 28.Rd1 a4 29.Qe2 axb3
30.axb3 Qb4 31.bxc4 dxc4 32.Rdc1 Bf5 33.e4 Be6 34.Rg3 c3 35.Qe3 Kh7 36.Bxc3 Qe7
37.Kh1 Rc4 38.f4 R8c6 39.Qd3 Qd7 40.Qf3 Qc7 41.f5 Bf7 42.Qd3 Qd6 43.Qe3 Qc5
44.Qe2 Qe7 45.Re3 Qc7 46.Qe1 Qf4 47.Bd2 Rxc1 48.Bxc1 Qe5 49.Bd2 Rc2 50.Rf3 Bh5
51.Rd3 Rc4 52.Re3 Qd4 53.Bc3 Qd1 54.Qxd1 Bxd1 55.e5 fxe5 56.Bxe5 Rc5 57.g4 Rd5
58.Bc3 Rd7 59.Kg2 Kg8 60.Re1 Kf7 61.Re5 Bc2 62.Rc5 Be4+ 63.Kg3 Bb7 64.Kf4 Re7
65.Be5 Rd7 66.h4 Kg8 67.g5 hxg5+ 68.hxg5 g6 69.fxg6 Re7 70.Rb5 Rd7 71.Rb2 Kf8
72.Bf6 Ke8 73.Re2+ Kf8 74.Rh2 Bd5 75.g7+ Kf7 76.Rh8  1-0

[Event "CrunchLabs Masters PlayIn"]
[Site "chess.com INT"]
[Date "2024.07.17"]
[Round "3"]
[White "Bortnyk,Olexandr"]
[Black "Nakamura,Hi"]
[Result "1/2-1/2"]
[WhiteElo "2608"]
[BlackElo "2802"]

1.d4 d5 2.Nc3 Nf6 3.Bf4 a6 4.e3 h6 5.Bd3 c5 6.dxc5 Nc6 7.Nf3 Bg4 8.e4 e5
9.exd5 Nxd5 10.Bxe5 Nxe5 11.Nxd5 Bxf3 12.gxf3 Bxc5 13.f4 Nc6 14.Qe2+ Kf8
15.Be4 Qa5+ 16.Kf1 Re8 17.Qd3 Nb4 18.Qc4 Nxd5 19.Bxd5 Re7 20.Kg2 Rc7 21.Qd3 Qb4
22.Be4 Be7 23.Rhe1 g6 24.b3 Kg7 25.c4 Bf6 26.Rad1 Re8 27.Re3 b5 28.Bd5 Rd8
29.Qe2 bxc4 30.bxc4 Qc5 31.Rdd3 a5 32.f5 g5 33.Re4 Re7 34.Rde3 Rdd7 35.Qh5 Rxe4
36.Rxe4 Qf8 37.Re3 Re7 38.Rh3 Qh8 39.Qf3 Qc8 40.Qh5 Qh8 41.Re3 Qe8 42.Rh3 Qh8  1/2-1/2

[Event "CrunchLabs Masters PlayIn"]
[Site "chess.com INT"]
[Date "2024.07.17"]
[Round "4"]
[White "Nakamura,Hi"]
[Black "Kovalev,Vl"]
[Result "1-0"]
[WhiteElo "2802"]
[BlackElo "2559"]

1.Nf3 Nf6 2.g3 b6 3.Bg2 Bb7 4.d4 e6 5.c4 Bb4+ 6.Bd2 Bxd2+ 7.Qxd2 O-O 8.O-O d6
9.Qf4 Qe7 10.Nc3 c5 11.Nb5 Rd8 12.dxc5 dxc5 13.Ne5 Bxg2 14.Kxg2 Qb7+ 15.Kg1 Nc6
16.Qf3 Na5 17.Qxb7 Nxb7 18.Rfd1 Rdc8 19.Nd7 a6 20.Nxb6 axb5 21.Nxc8 Rxc8
22.cxb5 Kf8 23.Rac1 Ra8 24.b4 cxb4 25.Rc7 Nd8 26.b6 Nd5 27.b7 Nxb7 28.Rxb7 f5
29.Rc1 h6 30.Rc2 Kg8 31.Rc6 Rxa2 32.Rxe6 Rb2 33.Re5 Nf6 34.Ree7 Nh5 35.e3 b3
36.h3 Kh8 37.g4 fxg4 38.hxg4 Nf6 39.Rxg7 Ne4  1-0

[Event "CrunchLabs Masters PlayIn"]
[Site "chess.com INT"]
[Date "2024.07.17"]
[Round "5"]
[White "Moroni,L"]
[Black "Nakamura,Hi"]
[Result "0-1"]
[WhiteElo "2558"]
[BlackElo "2802"]

1.c4 Nf6 2.g3 e5 3.Bg2 d5 4.cxd5 Nxd5 5.Nc3 Nf6 6.Nf3 Nc6 7.O-O h6 8.d3 Bd6
9.b3 O-O 10.Bb2 Re8 11.Rc1 Bf5 12.Na4 Qc8 13.Nc5 Nd8 14.Re1 Bh3 15.Bh1 c6
16.e4 Ne6 17.d4 Nxc5 18.dxc5 Bc7 19.Qc2 a5 20.Nd2 Nd7 21.Qc3 Qd8 22.Qe3 Qe7
23.Ba3 Bb8 24.Nc4 Be6 25.Nd6 Bxd6 26.cxd6 Qg5 27.Qe2 Rec8 28.Rcd1 c5 29.Bc1 Qg6
30.Be3 c4 31.bxc4 Bxc4 32.Qb2 b5 33.f4 f6 34.Bg2 Qg4 35.a3 Rc6 36.Qd2 Raa6
37.fxe5 fxe5 38.Qf2 Rxd6 39.Qf5 Qxd1  0-1

[Event "CrunchLabs Masters PlayIn"]
[Site "chess.com INT"]
[Date "2024.07.17"]
[Round "6"]
[White "Nakamura,Hi"]
[Black "Nepomniachtchi,I"]
[Result "1/2-1/2"]
[WhiteElo "2802"]
[BlackElo "2770"]

1.e4 c5 2.Nf3 d6 3.Bb5+ Bd7 4.Bxd7+ Qxd7 5.O-O Nc6 6.c3 Nf6 7.d4 cxd4 8.cxd4 d5
9.e5 Ne4 10.Nbd2 e6 11.Re1 Nxd2 12.Bxd2 a5 13.h4 h6 14.h5 Bb4 15.Re3 O-O
16.Rc1 f6 17.a3 Bxd2 18.Qxd2 Qe8 19.exf6 Rxf6 20.Ne5 Qxh5 21.Nxc6 bxc6 22.Rxc6 Qf5
23.Rf3 Qb1+ 24.Rc1 Qg6 25.Rxf6 Qxf6 26.Rc6 Rb8 27.Qc3 Qf5 28.Rc7 Rf8 29.Qg3 Rf7
30.Rxf7 Qb1+ 31.Kh2 Kxf7 32.Qc7+ Kf6 33.Qd8+ Kf7 34.Qc7+ Kf6 35.Qxa5 Qxb2
36.Qc5 Kf7 37.f3 Qf2 38.Qc7+ Kg8 39.Qe5 Kf7 40.a4 Qd2 41.Qc7+ Kf6 42.a5 Qxd4
43.f4 Qa4 44.Qe5+ Kf7 45.Qc7+ Kf6 46.Qe5+ Kf7 47.Qc7+ Kg6 48.Qe5 Qxa5 49.Qxe6+ Kh7
50.Qf5+ Kg8 51.Qe6+ Kf8 52.Qf5+ Ke7 53.Qe5+ Kf7 54.Qf5+ Ke7 55.Qe5+ Kf7 56.Qf5+ Ke7  1/2-1/2

[Event "CrunchLabs Masters PlayIn"]
[Site "chess.com INT"]
[Date "2024.07.17"]
[Round "7"]
[White "Matlakov,M"]
[Black "Nakamura,Hi"]
[Result "0-1"]
[WhiteElo "2651"]
[BlackElo "2802"]

1.d4 Nf6 2.Nf3 d5 3.c4 c5 4.cxd5 cxd4 5.Qxd4 Qxd5 6.Nc3 Qxd4 7.Nxd4 a6 8.g3 e5
9.Nb3 Nc6 10.Bg2 a5 11.O-O a4 12.Nd2 Be6 13.Nb5 Kd7 14.Rd1 Kc8 15.Nf3 Ra5
16.Nc3 h6 17.Bd2 Be7 18.Ne1 Rd8 19.Nd3 Bf5 20.Be3 Bxd3 21.exd3 Nd4 22.Rac1 Kb8
23.h3 Bc5 24.Kf1 Ne6 25.Ne4 Nxe4 26.Bxe4 Bd4 27.Rc2 Rb5 28.Rc4 Rxb2 29.Rxa4 Bxe3
30.fxe3 f5 31.Bf3 Ng5 32.Be2 Rc8 33.Ra5 Rcc2 34.Re1 Nf3 35.Bxf3 Rf2+ 36.Kg1 Rxf3
37.Rxe5 Rxg3+ 38.Kf1 Rxh3 39.Kg1 g6 40.a4 h5 41.Re6 Rg3+ 42.Kh1 Rgg2 43.a5 Rh2+
44.Kg1 Rbg2+ 45.Kf1 h4 46.Re8+ Ka7 47.Rh8 Ra2 48.Kg1 h3  0-1

[Event "CrunchLabs Masters PlayIn"]
[Site "chess.com INT"]
[Date "2024.07.17"]
[Round "9"]
[White "Kramnik,V"]
[Black "Nakamura,Hi"]
[Result "1/2-1/2"]
[WhiteElo "2753"]
[BlackElo "2802"]

1.e4 e5 2.Nf3 Nc6 3.Bb5 Nf6 4.O-O Nxe4 5.d4 Nd6 6.Bxc6 dxc6 7.dxe5 Nf5 8.Qxd8+ Kxd8
9.Nc3 Bd7 10.b3 h6 11.Bb2 a5 12.Rad1 Kc8 13.a4 b6 14.Ne2 Ne7 15.Nf4 Bg4 16.e6 fxe6
17.Rfe1 Nd5 18.Ng6 Rg8 19.Nge5 Bf5 20.Nd4 Bb4 21.Rf1 Bc3 22.Nxf5 Bxe5 23.Nxh6 Bxh2+
24.Kxh2 gxh6 25.Rfe1 Rg6 26.Re4 Kb7 27.c4 Nb4 28.Rd7 Rf8 29.f3 Na6 30.Be5 Rf5
31.Rh7 Rh5+ 32.Kg1 Rf5 33.Kf1 h5 34.Re3 Rgg5 35.Bh2 Rf6 36.Re7 Rgg6 37.Be5 Rf5
38.Bh2 Rff6 39.Rd3 Rg8 40.Re3 Rgg6  1/2-1/2

[Event "Crunchlabs Play-In Match D1"]
[Site "chess.com INT"]
[Date "2024.07.18"]
[Round "1.1"]
[White "Nakamura,Hi"]
[Black "Moussard,J"]
[Result "1/2-1/2"]
[WhiteElo "2802"]
[BlackElo "2590"]

1.e4 c5 2.Nf3 d6 3.Bb5+ Bd7 4.Bxd7+ Nxd7 5.O-O e6 6.d4 cxd4 7.Qxd4 Ngf6 8.c4 Qb6
9.Nc3 Qxd4 10.Nxd4 Rc8 11.b3 a6 12.Bd2 Be7 13.Rfd1 Rg8 14.Rac1 g5 15.f3 g4
16.Kf1 h5 17.Be1 gxf3 18.gxf3 Ne5 19.Rc2 Ng6 20.Rg2 h4 21.h3 Nh5 22.Nde2 Kd7
23.Na4 Kc7 24.Ba5+ Kb8 25.Nb6 Rce8 26.Nd7+ Kc8 27.Nb6+ Kb8 28.Nd7+ Kc8 29.Nb6+ Kb8  1/2-1/2

[Event "Crunchlabs Play-In Match D1"]
[Site "chess.com INT"]
[Date "2024.07.18"]
[Round "1.2"]
[White "Moussard,J"]
[Black "Nakamura,Hi"]
[Result "1-0"]
[WhiteElo "2590"]
[BlackElo "2802"]

1.c4 Nf6 2.Nc3 e5 3.Nf3 Nc6 4.g3 Nd4 5.Bg2 Nxf3+ 6.Bxf3 Bc5 7.O-O O-O 8.Na4 Bb4
9.d4 e4 10.Bg2 d5 11.a3 Be7 12.cxd5 Qxd5 13.Nc3 Qh5 14.Nxe4 Bg4 15.f3 Be6
16.Bg5 Rad8 17.Bxf6 gxf6 18.Rc1 c6 19.e3 Rfe8 20.Qa4 Qh6 21.f4 f5 22.Nc5 Bc8
23.Nd3 Bd6 24.Rfe1 a6 25.Qb3 Kg7 26.d5 cxd5 27.Bxd5 Qf6 28.Bxb7 Be6 29.Qc3 Bb8
30.Qxf6+ Kxf6 31.Bxa6 Ba7 32.Ne5 Rd2 33.Bc4 Rc8 34.Bxe6 Bxe3+ 35.Kh1 Rxc1
36.Rxc1 Kxe6 37.Nc4 Re2 38.Nxe3 Rxe3 39.a4 Rb3 40.a5 Rxb2 41.Ra1 Rb7 42.a6 Ra7
43.Kg2 Kd5 44.Kh3 f6 45.Kg2 Ke4 46.Ra3 Kd4 47.Kf2 Ke4 48.Ke2 Kd4 49.Kd2 Kc4
50.Kc2 Kb4 51.Kb2 Kc4 52.Ra4+ Kd5 53.Kb3 Kc5 54.Ra5+ Kc6 55.Kc4 Kb6  1-0

[Event "CrunchLab Masters Div 2 W"]
[Site "chess.com INT"]
[Date "2024.07.19"]
[Round "1.4"]
[White "Deac,Bogdan-Daniel"]
[Black "Nakamura,Hi"]
[Result "0-1"]
[WhiteElo "2683"]
[BlackElo "2802"]

1.d4 Nf6 2.c4 c6 3.Nc3 d5 4.Nf3 e6 5.e3 a6 6.Qc2 Nbd7 7.b3 Bb4 8.a3 Bd6 9.e4 e5
10.cxd5 cxd5 11.Bd3 exd4 12.Nxd5 Nxd5 13.exd5 Nf6 14.O-O O-O 15.Bb2 Bg4 16.Nxd4 Rc8
17.Qb1 Rc5 18.h3 Bd7 19.Nf5 Bxf5 20.Bxf5 Rxd5 21.Rd1 Rxd1+ 22.Qxd1 Re8 23.Rc1 g6
24.Bd3 Be5 25.Bxe5 Rxe5 26.Qf3 Qe7 27.b4 Kg7 28.g3 Rd5 29.Kg2 Qd7 30.Rd1 Qc7
31.Bc2 Re5 32.Bd3 h5 33.Rd2 Qc3 34.Rd1 Qxa3 35.Qxb7 Qb3 36.Qf3 Rd5 37.Bc2 Qxf3+
38.Kxf3 Rxd1 39.Bxd1 Nd5 40.Bb3 Nxb4 41.Ke4 Kf6 42.f4 Nc6 43.g4 Ne7  0-1

[Event "CrunchLab Masters Div 2 W"]
[Site "chess.com INT"]
[Date "2024.07.19"]
[Round "1.3"]
[White "Nakamura,Hi"]
[Black "Deac,Bogdan-Daniel"]
[Result "0-1"]
[WhiteElo "2802"]
[BlackElo "2683"]

1.Nf3 d5 2.g3 c5 3.Bg2 Nc6 4.d4 Nf6 5.O-O e6 6.b3 Be7 7.Bb2 O-O 8.Nbd2 cxd4
9.Nxd4 Bd7 10.N4f3 b5 11.Ne1 e5 12.e4 Bg4 13.Bf3 Bh3 14.exd5 Nd4 15.Bxd4 exd4
16.Ng2 Rc8 17.a4 Bf5 18.Ne1 Nxd5 19.Ne4 bxa4 20.Rxa4 Bxe4 21.Rxd4 Qb6 22.Rxe4 Nc3
23.Qd7 Nxe4 24.Bxe4 Bf6 25.Nf3 Rfd8 26.Qg4 g6 27.h4 h5 28.Qf4 Qd6 29.Qxd6 Rxd6
30.Bd3 Rc3 31.Kg2 a5 32.Re1 Kf8 33.Re4 Rdxd3 34.cxd3 Rxb3 35.Ra4 Bd8 36.Ne5 Bc7
37.Nc6 Rb5 38.Rc4 Ke8 39.Nd4 Rb7 40.Rc6 Bb6 41.Nb5 Kd7 42.Rd6+ Ke7 43.Rd5 Rd7
44.Re5+ Kf6 45.Re2 Rxd3 46.Rc2 Ke7 47.Rc6 Bd8 48.Ra6 Rd5 49.Nc3 Rc5 50.Ne4 Rd5
51.Ng5 Bc7 52.f4 f6 53.Ne4 f5 54.Ng5 Rd6 55.Ra7 Kd7 56.Nf3 Kc6 57.Ra8 Kb7
58.Re8 a4 59.Re2 a3 60.Ne1 Rb6 61.Nd3 Bd6 62.Kf3 Kc6 63.Ke3 Kd5 64.Re1 Rb3
65.Kd2 Kd4 66.Nc1 Rb2+ 67.Kd1 a2 68.Nxa2 Rxa2 69.Re6 Bb4 70.Rxg6 Kd3  0-1

[Event "CrunchLab Masters Div 2 W"]
[Site "chess.com INT"]
[Date "2024.07.19"]
[Round "1.2"]
[White "Deac,Bogdan-Daniel"]
[Black "Nakamura,Hi"]
[Result "1/2-1/2"]
[WhiteElo "2683"]
[BlackElo "2802"]

1.e4 e5 2.Nf3 Nc6 3.Bb5 Nf6 4.O-O Nxe4 5.d4 Nd6 6.Bxc6 dxc6 7.dxe5 Nf5 8.Qxd8+ Kxd8
9.h3 Bd7 10.Rd1 Be7 11.g4 Nh4 12.Nxh4 Bxh4 13.Nd2 Be7 14.Nf3 Ke8 15.Kg2 c5
16.Bf4 Bc6 17.Kg3 h5 18.Ng5 hxg4 19.hxg4 Rd8 20.Rxd8+ Bxd8 21.Rd1 Be7 22.f3 b6
23.e6 Bxg5 24.exf7+ Kxf7 25.Bxg5 Re8 26.Rd2 Re1 27.Bf4 Rf1 28.Rf2 Rxf2 29.Kxf2 c4
30.Bxc7 Ke6 31.Ke3 b5 32.f4 g6 33.Kd4 Bf3 34.Kc5 Bxg4 35.Kxb5 c3 36.b3 Bf5
37.Bb8 Bxc2 38.Bxa7 Kf5 39.Be3 Ke4 40.Bc1 Kd3 41.Kb4 Bd1 42.a4 Kc2 43.Ba3 Be2
44.a5 Ba6 45.Ka4 Kd3 46.Bc1 Kd4 47.Kb4 c2 48.Bb2+ Kd5 49.Kc3 Kc5 50.Kxc2 Kb5
51.Bc3 Bc8 52.Kd3 Be6 53.b4 Ka6 54.Kd4 Bh3 55.Ke5 Bf5 56.Kd5 Bh3 57.Kc5 Bf1
58.Bd2 Be2  1/2-1/2

[Event "CrunchLab Masters Div 2 W"]
[Site "chess.com INT"]
[Date "2024.07.19"]
[Round "1.1"]
[White "Nakamura,Hi"]
[Black "Deac,Bogdan-Daniel"]
[Result "1-0"]
[WhiteElo "2802"]
[BlackElo "2683"]

1.Nf3 d5 2.d4 Nf6 3.c4 e6 4.Qc2 dxc4 5.Qxc4 a6 6.Qc2 c5 7.dxc5 Qa5+ 8.Nc3 Qxc5
9.Be3 Qc7 10.Rc1 Bd7 11.g3 Bb4 12.Bg2 Bxc3+ 13.bxc3 O-O 14.Bf4 Qa5 15.Ne5 Nc6
16.Nxd7 Nxd7 17.O-O Rac8 18.Rfd1 Nf6 19.c4 e5 20.Bg5 Nd4 21.Qb2 Qa4 22.e3 Ne6
23.Bxf6 gxf6 24.Qe2 b5 25.Bd5 Rfe8 26.Qg4+ Kf8 27.Qh5 Kg7 28.c5 Red8 29.c6 Rd6
30.Bxe6 Rxe6 31.Rd7 Rf8 32.c7  1-0

[Event "CrunchLab Masters Div 2 W"]
[Site "chess.com INT"]
[Date "2024.07.20"]
[Round "2.2"]
[White "Nakamura,Hi"]
[Black "Fedoseev,Vl3"]
[Result "1/2-1/2"]
[WhiteElo "2802"]
[BlackElo "2687"]

1.e4 e5 2.Nf3 Nc6 3.Bb5 Nf6 4.O-O Nxe4 5.d4 Nd6 6.dxe5 Nxb5 7.a4 d6 8.axb5 Nxe5
9.Re1 Be7 10.Nxe5 dxe5 11.Qxd8+ Bxd8 12.Rxe5+ Be6 13.Nc3 Bf6 14.Rc5 Kd7 15.Bf4 Rhc8
16.Rd1+ Ke8 17.Rxc7 Rxc7 18.Bxc7 Rc8 19.b6 axb6 20.Bxb6 Bxc3 21.bxc3 Rxc3
22.Bd4 Rxc2 23.Bxg7 Ke7 24.h3 b5 25.Be5 Bc4 26.Bd6+ Ke6 27.Bf8 Bd5 28.Re1+ Kd7
29.Re5 Kc6 30.Rh5 Be4 31.Rh6+ Kd5 32.f3 Bg6 33.h4 Rc8 34.Bg7 Rb8 35.h5 Bc2
36.Rf6 Rb7 37.Rf4 b4 38.Bb2 b3 39.Ra4 Kc5 40.Kf2 Kb5 41.Ra1 Re7 42.Re1 Ra7
43.Ra1 Rd7 44.Ke3 Rd3+ 45.Ke2 Rd5 46.g4 Bd3+ 47.Ke1 Rd6 48.Rd1 Re6+ 49.Kd2 Kc4
50.Rc1+ Bc2 51.Ra1 Rd6+ 52.Ke3 Re6+ 53.Kd2 Rd6+ 54.Ke3 Re6+ 55.Kd2  1/2-1/2

[Event "CrunchLab Masters Div 2 W"]
[Site "chess.com INT"]
[Date "2024.07.20"]
[Round "2.4"]
[White "Nakamura,Hi"]
[Black "Fedoseev,Vl3"]
[Result "0-1"]
[WhiteElo "2802"]
[BlackElo "2687"]

1.e4 e5 2.Nf3 Nf6 3.Nxe5 d6 4.Nd3 Nxe4 5.Qe2 Qe7 6.Nf4 Nf6 7.d4 Nc6 8.c3 g5
9.Nd3 Rg8 10.Qxe7+ Bxe7 11.Nd2 Bf5 12.Nc4 O-O-O 13.Ne3 Bg6 14.Be2 Nh5 15.g4 Ng7
16.Nd5 Rde8 17.Nxe7+ Rxe7 18.Be3 Be4 19.Rg1 f5 20.gxf5 Nxf5 21.Kd2 h6 22.Bg4 Kd8
23.Bxf5 Bxf5 24.h4 Reg7 25.hxg5 hxg5 26.Rg3 g4 27.Rag1 Ke8 28.Nf4 Ne7 29.d5 Rh7
30.c4 Kd7 31.Ne2 c5 32.Nc3 Ng6 33.Nd1 Ne5 34.Kc3 Re8 35.Bf4 Nxc4 36.Ne3 Nxe3
37.Rxe3 Rxe3+ 38.Bxe3 Re7 39.b4 b6 40.Rg3 Re5 41.bxc5 bxc5 42.Kc4 Re4+ 43.Kc3 Ra4
44.Kb3 Rb4+ 45.Kc3 Bb1 46.a3 Re4 47.Bd2 Ba2 48.f3 gxf3 49.Rxf3 Bxd5 50.Rf6 Be6
51.Rh6 Kc6 52.Rh7 a5 53.Ra7 Kb6 54.Ra8 Bd5 55.Rb8+ Kc7 56.Rh8 a4 57.Rh6 Be6
58.Rf6 d5 59.Rf4 d4+ 60.Kd3 Rxf4 61.Bxf4+ Kc6 62.Ke4 Ba2 63.Kd3 Kd5 64.Kc2 c4
65.Bd2 Bb3+ 66.Kb2 Ke4 67.Bh6 c3+ 68.Kc1 d3  0-1

[Event "CrunchLab Masters Div 2 W"]
[Site "chess.com INT"]
[Date "2024.07.20"]
[Round "2.1"]
[White "Fedoseev,Vl3"]
[Black "Nakamura,Hi"]
[Result "0-1"]
[WhiteElo "2687"]
[BlackElo "2802"]

1.d4 Nf6 2.c4 c6 3.Nc3 d5 4.e3 e6 5.Nf3 a6 6.c5 b6 7.cxb6 Nbd7 8.Bd3 c5 9.O-O cxd4
10.exd4 Bd6 11.Qe2 Qxb6 12.Bg5 h6 13.Bh4 Rb8 14.Rab1 O-O 15.Rfd1 Bb7 16.Ne5 Bxe5
17.dxe5 Nh7 18.Be7 Rfe8 19.Bd6 Rbc8 20.Na4 Qa5 21.Nc5 Nxc5 22.b4 Qa4 23.bxc5 Bc6
24.Bxa6 Ra8 25.Rb6 Ng5 26.f3 d4 27.Bc4 Rec8 28.Rxd4 Qa5 29.h4 Qc3 30.Qf2 Ra4
31.Rb3 Qa1+ 32.Kh2 Bd5 33.Bxd5 Rxd4 34.Bb7 Rd8 35.hxg5 hxg5 36.g3 g6 37.Be4 Rd1
38.Kg2 Rh1 39.c6 Kg7 40.f4 Rh2+  0-1

[Event "CrunchLab Masters Div 2 W"]
[Site "chess.com INT"]
[Date "2024.07.20"]
[Round "2.3"]
[White "Fedoseev,Vl3"]
[Black "Nakamura,Hi"]
[Result "1-0"]
[WhiteElo "2687"]
[BlackElo "2802"]

1.d4 Nf6 2.c4 c6 3.Nc3 d5 4.e3 e6 5.Nf3 a6 6.c5 b6 7.cxb6 Nbd7 8.Bd3 Qxb6
9.O-O c5 10.Qe2 Bd6 11.Na4 Qa7 12.dxc5 Nxc5 13.Nxc5 Bxc5 14.b3 O-O 15.Bb2 Qe7
16.Rac1 Ba3 17.Bxa3 Qxa3 18.Rc7 e5 19.Bb1 Bg4 20.Qc2 e4 21.Ne5 Be6 22.Qc5 Qb2
23.Nc6 Qe2 24.Bc2 Qg4 25.Bd1 Qg5 26.Qd6 h5 27.Qg3 Qh6 28.h4 Kh8 29.Be2 Bg4
30.Bxg4 Nxg4 31.Rd1 Rac8 32.Rxd5 g5 33.Rxg5 f5 34.Qf4  1-0

[Event "CrunchLab Masters Div 2 L"]
[Site "chess.com INT"]
[Date "2024.07.21"]
[Round "2.1"]
[White "Nakamura,Hi"]
[Black "Matlakov,M"]
[Result "1-0"]
[WhiteElo "2802"]
[BlackElo "2651"]

1.Nf3 d5 2.g3 Nf6 3.Bg2 e6 4.O-O Be7 5.d3 O-O 6.Nbd2 a5 7.a4 Nc6 8.d4 b6
9.c3 Bb7 10.Re1 h6 11.e4 Nxe4 12.Nxe4 dxe4 13.Rxe4 Bf6 14.Re1 Ne7 15.h4 Re8
16.Nd2 Bxg2 17.Kxg2 Qd5+ 18.Kg1 Nf5 19.Qf3 c5 20.dxc5 bxc5 21.Ne4 Be7 22.Bf4 Qb3
23.Qe2 Red8 24.Qb5 Qd5 25.Rad1 Qxd1 26.Rxd1 Rxd1+ 27.Kg2 Rd5 28.h5 Bf8 29.Qb7 Rad8
30.Bc7 R5d7 31.Qb6 Rc8 32.Bf4 Ne7 33.Qa6 c4 34.Bxh6 Rc6 35.Qxa5 f5 36.Bxg7 Bxg7
37.Ng5 Bf6 38.Nf3 Kg7 39.Ne5 Bxe5 40.Qxe5+ Kh7 41.Qf6 Rdc7 42.Qf7+ Kh6 43.f3 e5
44.a5 e4 45.fxe4 fxe4 46.g4 Ng6 47.Qf2 Ne7 48.Qf4+ Kg7 49.Qxe4 Kf7 50.Qh7+ Ke8
51.h6 Rg6 52.Qh8+ Kf7 53.Qe5 Rc8 54.Qf4+ Kg8 55.a6 Rxa6 56.Qe5 Rxh6 57.Qxe7 Rg6
58.Kg3 Rcc6 59.g5 Rge6 60.Qd8+ Kg7 61.Kg4 Red6 62.Qe7+ Kg6 63.Qe4+ Kg7 64.Kh5 Re6
65.Qd4+ Kh7 66.Qd7+ Kg8 67.Qd2 Kg7 68.Qf2 Kg8 69.Qf4 Kg7 70.Qf5 Red6 71.Qb5 Re6
72.b3 cxb3 73.Qxb3 Red6 74.Qb7+ Kg8 75.c4 Re6 76.c5 Kh8 77.Qd7 Kg8 78.Qd5 Kg7
79.Kg4 Ra6 80.Kf5 Rec6 81.Kg4 Re6 82.Qb7+ Kg8 83.Kh5 Rac6 84.Qb1 Ra6 85.g6 Rac6
86.Kh6 Rc8 87.Qb7 Rxg6+ 88.Kxg6  1-0